000 00417 a2200145 4500
999 _c334
_d334
020 _a0394428145
050 _aBL 2370. SAI 1995
100 _aSaid, Edward W.
245 _aOrientalism:
_bWestern conceptions of the orient /
_cEdward W. Said
264 _aNew York :
_bPantheon Books.,
_c1995.
300 _axi, 368 pages ; 25 cm
500 _aincludes index
650 _aOrientalism.
942 _2lcc
_cBK
_h2370
_iSAI
_kBL